Service user research in health and social care / (Record no. 9619)
[ view plain ]
| 000 -LEADER | |
|---|---|
| fixed length control field | 00693nam a22002172 4500 |
| 001 - CONTROL NUMBER | |
| control field | 0000021249 |
| 005 - DATE AND TIME OF LATEST TRANSACTION | |
| control field | 20151217152228.0 |
| 008 - FIXED-LENGTH DATA ELEMENTS--GENERAL INFORMATION | |
| fixed length control field | 120207s xx 000 0 eng d |
| 020 ## - INTERNATIONAL STANDARD BOOK NUMBER | |
| International Standard Book Number | 1847870728 : |
| 040 ## - CATALOGING SOURCE | |
| Original cataloging agency | KABU |
| Transcribing agency | KABU |
| 100 1# - MAIN ENTRY--PERSONAL NAME | |
| Personal name | McLaughlin, Hugh. |
| -- | 0000182047 |
| 245 10 - TITLE STATEMENT | |
| Title | Service user research in health and social care / |
| Statement of responsibility, etc. | McLaughlin, Hugh. |
| 250 ## - EDITION STATEMENT | |
| Edition statement | 1st ed. |
| 260 ## - PUBLICATION, DISTRIBUTION, ETC. (IMPRINT) | |
| Place of publication, distribution, etc. | Los Angeles : |
| Name of publisher, distributor, etc. | Sage, |
| Date of publication, distribution, etc. | 2009. |
| 300 ## - PHYSICAL DESCRIPTION | |
| Extent | 171 p. |
| 650 #0 - SUBJECT ADDED ENTRY--TOPICAL TERM | |
| Topical term or geographic name as entry element | Medical Care |
| General subdivision | Research |
| -- | Citizen participation. |
| -- | 0000182048 |
| 650 #0 - SUBJECT ADDED ENTRY--TOPICAL TERM | |
| Topical term or geographic name as entry element | Community |
| General subdivision | Based participatory research. |
| -- | 0000182049 |
| 852 1# - LOCATION | |
| -- | p4366 KES |
| 908 ## - PUT COMMAND PARAMETER (RLIN) | |
| Put command parameter | 120207 |
| 950 ## - LOCAL HOLDINGS (RLIN) | |
| -- | 1 |
| Withdrawn status | Lost status | Source of classification or shelving scheme | Not for loan | Home library | Current library | Date acquired | Total Checkouts | Full call number | Barcode | Date last seen | Price effective from | Koha item type |
|---|---|---|---|---|---|---|---|---|---|---|---|---|
| Library of Congress Classification | Kabarak, Main Campus | Kabarak, Main Campus | 17/12/2015 | RA440.85 .M33 2009 c.1 | 20539 | 17/12/2015 | 17/12/2015 | General Collection |